MARC

LEADER 00000nam0a2200000 4500
001 249252
005 20231101232446.0
010 |a 5239001715 
035 |a (RuTPU)RU\TPU\book\271291 
090 |a 249252 
100 |a 20140203d1989 m y0rusy50 ca 
101 0 |a rus 
102 |a RU 
105 |a c z 000zy 
200 1 |a Пушечная улица, 9  |f Я. М. Белицкий, Л. Д. Полиновская 
210 |a Москва  |c Московский рабочий  |d 1989 
215 |a 92 с.  |c ил. 
225 1 |a Биография Московского дома 
606 1 |a Архитектурные памятники городов  |x История  |2 stltpush  |3 (RuTPU)RU\TPU\subj\29494  |9 52809 
610 1 |a архитектура 
610 1 |a памятники 
610 1 |a искусство 
610 1 |a Пушечный двор 
610 1 |a 16 век 
675 |a 711.424  |v 3 
700 1 |a Белицкий  |b Я. М. 
701 1 |a Полиновская  |b Л. Д. 
801 1 |a RU  |b 63413507  |c 20140203 
801 2 |a RU  |b 63413507  |c 20140204  |g RCR 
942 |c BK